Sports Quiz

Random Sports Quiz

US World Cup Roster 2014 Quiz Stats

 Plays Quiz not verified by Sporcle

Challenge
Share
Tweet
Embed
Score 0/23 Timer 07:00
0 Plays Today
Hint Answer % Correct
GoalieTim Howard
98.2%
ForwardClint Dempsey
96.4%
DefensemanDaMarcus Beasley
91.1%
DefensemanJohn Brooks
91.1%
ForwardJozy Altidore
89.3%
MidfielderJulian Green
89.3%
MidfielderMichael Bradley
87.5%
GoalieBrad Guzan
87.5%
DefensemanGeoff Cameron
85.7%
MidfielderGraham Zusi
85.7%
DefensemanMatt Besler
83.9%
MidfielderJermaine Jones
83.9%
Hint Answer % Correct
DefensemanDeAndre Yedlin
83.9%
DefensemanFabian Johnson
82.1%
MidfielderKyle Beckerman
80.4%
ForwardAron Johannsson
80.4%
GoalieNick Rimando
80.4%
MidfielderAlejandro Bedoya
75%
DefensemanOmar Gonzalez
75%
MidfielderMix Diskerud
73.2%
ForwardChris Wondolowski
69.6%
DefensemanTimmy Chandler
67.9%
MidfielderBrad Davis
66.1%

You're not logged in!

Compare scores with friends on all Sporcle quizzes.
Join for Free
OR
Log In

You Might Also Like...

Show Comments

Extras

Created Jun 21, 2014ReportNominate
Tags:USA Soccer

Top Quizzes Today


Score Distribution

Your Account Isn't Verified!

In order to create a playlist on Sporcle, you need to verify the email address you used during registration. Go to your Sporcle Settings to finish the process.

Report this User

Report this user for behavior that violates our Community Guidelines.

Details: